Rishīnāmah : (Record no. 331620)

000 -LEADER
fixed length control field 01109cam a22002897a 4500
001 - CONTROL NUMBER
control field 16721307
003 - CONTROL NUMBER IDENTIFIER
control field NUST
005 - DATE AND TIME OF LATEST TRANSACTION
control field 20171006214841.0
008 - FIXED-LENGTH DATA ELEMENTS--GENERAL INFORMATION
fixed length control field 110405s2010 pk 000 | urd
010 ## - LIBRARY OF CONGRESS CONTROL NUMBER
LC control number 2011326906
025 ## - OVERSEAS ACQUISITION NUMBER
Overseas acquisition number P-U-2011326906; 11
037 ## - SOURCE OF ACQUISITION
Source of stock number/acquisition Library of Congress -- Islamabad Overseas Office
Terms of availability Rs 600
040 ## - CATALOGING SOURCE
Original cataloging agency DLC
Transcribing agency DLC
041 1# - LANGUAGE CODE
Language code of text/sound track or separate title kas
-- urd
Language code of original kas
042 ## - AUTHENTICATION CODE
Authentication code lcode
-- lccopycat
050 00 - LIBRARY OF CONGRESS CALL NUMBER
Classification number MLCSA 2011/00606 (P)
082 ## - DEWEY DECIMAL CLASSIFICATION NUMBER
Classification number 891.63
Author Mark RAS
100 1# - MAIN ENTRY--PERSONAL NAME
Personal name Rishī, Nūruddīn,
Dates associated with a name 1377-1440.
9 (RLIN) 5298
245 10 - TITLE STATEMENT
Title Rishīnāmah :
Remainder of title Kashmīr ke ṣūfī shāʻir Nūruddīn Rishī kā kalām aur Urdū tarjumah /
Statement of responsibility, etc. Urdū tarjumah, T̤āʼūs Bānihālī.
250 ## - EDITION STATEMENT
Edition statement 2nd ed.
260 ## - PUBLICATION, DISTRIBUTION, ETC.
Place of publication, distribution, etc. Lāhaur :
Name of publisher, distributor, etc. al-Faiṣal,
Date of publication, distribution, etc. 2010.
300 ## - PHYSICAL DESCRIPTION
Extent 236 p. ;
Dimensions 22 cm.
500 ## - GENERAL NOTE
General note Poems.
546 ## - LANGUAGE NOTE
Language note Text in Kashmiri, with verse rendering in Urdu.
700 1# - ADDED ENTRY--PERSONAL NAME
Personal name Bānihālī, T̤āʼūs.
9 (RLIN) 5299
880 ## - ALTERNATE GRAPHIC REPRESENTATION
Linkage 100-01\(3\r
Title نور الدین رشی
880 ## - ALTERNATE GRAPHIC REPRESENTATION
Linkage 245-02\(3\r
Title رشی نامہ:
b کشمیر کے صوفی شاعر شیخ نور الدین رشی کا کلام اور اردو ترجمہ
c ترجمہ: طاؤس بانہالی
880 ## - ALTERNATE GRAPHIC REPRESENTATION
Linkage 260-03\(3\r
Title لاہور:
b الفیصل،
c 2010
906 ## - LOCAL DATA ELEMENT F, LDF (RLIN)
a 7
b cbc
c origode
d 4
e ncip
f 20
g y-nonroman
942 ## - ADDED ENTRY ELEMENTS (KOHA)
Source of classification or shelving scheme
Koha item type Book
Holdings
Withdrawn status Lost status Source of classification or shelving scheme Damaged status Not for loan Collection code Permanent Location Current Location Shelving location Date acquired Total Checkouts Full call number Barcode Date last seen Copy number Price effective from Koha item type
            Central Library (CL) Central Library (CL) Book Cart 10/06/2017   891.63 RAS CL2838 10/06/2017 1 10/06/2017 Book
© 2023 Central Library, National University of Sciences and Technology. All Rights Reserved.